| 000 | 01375nam a2200229Ia 4500 | ||
|---|---|---|---|
| 003 | Ost | ||
| 005 | 20260507075058.0 | ||
| 008 | 260507s9999||||xx |||||||||||||| ||und|| | ||
| 020 | _aX221119957 | ||
| 040 | _cfsecg | ||
| 041 | _aara | ||
| 082 | _a658.1 | ||
| 100 |
_aالعميان، محمود سلمان _eمؤلف |
||
| 245 | 0 |
_aالسلوك التنظيمي في منظمات الأعمال / _c محمود سلمان العميان |
|
| 260 |
_aعمان: _bدار وائل للطباعة والنشر, _c2002 |
||
| 300 |
_a424 صفحة؛ _bإيضاحات ؛ _c25 سم |
||
| 504 | _aبيبليوغرافيا ص.411 | ||
| 520 | _aمفهوم السلوك التنظيمي،النظريات الادارية والسلوك التنظيمي،الإدراك،الإتجاهات،القيم،الشخصية،التعلم،ضغوط العمل،الإحباط،السلوم الجماعي في المنظمات،الهيكل التنظيمي،الإتصال،القيادة،الدافعية والحفز الإنساني،المناخ التنظيمي والثقافة التنظيمية،البيئة التنظيمية،التغيير والتطوير التنظيمي،الصراع التنظيمي،الابداع التنظيمي،مستقبل السلوك التنظيمي | ||
| 653 | _aالادارة- تنظيم | ||
| 653 | _aمنظمات | ||
| 942 | _cكتاب | ||
| 999 |
_c42765 _d42765 |
||